000 00765nam a22002777a 4500
999 _c5286
_d5286
001 12409615
003 GZU
005 20210331094232.0
008 010403s1999 rh 000 0 sna
010 _a 00379802
020 _a1779003277
035 _a(DLC) 00379802
040 _aDLC
_cDLC
042 _alcode
050 0 0 _aPL8681
100 1 _aMahanya, Morgan,
_d1948-
245 1 0 _aMunzwa mundove /
_cMorgan Mahanya.
260 _aHarare, Zimbabwe :
_bCollege Press,
_c1999.
300 _a160 p. ;
_c21 cm.
520 _aA novel.
546 _aIn Shona.
830 0 _aModern writers (Harare, Zimbabwe)
906 _a7
_bcbc
_corigode
_d3
_encip
_f20
_gy-gencatlg
942 _2lcc
_cBK
_h8681
_iMAH
_kPL
_m1999